Geography Quiz

Random Geography or State Quiz

US State by Outline & Flag Quiz Stats

 Plays Quiz Updated Jan 5, 2016

Challenge
Share
Tweet
Score 0/25 Timer 06:00
3 Plays Today
% Correct
California
99.1%
Washington
97.2%
Hawaii
94.2%
Nevada
94%
Colorado
88.6%
New York
88.1%
South Dakota
87.6%
Maryland
85.7%
Arizona
85.5%
Illinois
85.3%
Massachusetts
84.5%
Oklahoma
84.4%
Vermont
82.4%
% Correct
Virginia
79.2%
Kentucky
79.1%
New Hampshire
79.1%
Indiana
75.8%
Oregon
75.1%
Wyoming
74.5%
Montana
72.2%
Iowa
70.1%
Delaware
69.2%
Pennsylvania
69%
Missouri
68.8%
Connecticut
62.7%

You're not logged in!

Compare scores with friends on all Sporcle quizzes.
Join for Free
OR
Log In

You Might Also Like...

Show Comments

Extras

Top Quizzes Today


Score Distribution

Your Account Isn't Verified!

In order to create a playlist on Sporcle, you need to verify the email address you used during registration. Go to your Sporcle Settings to finish the process.

Report this User

Report this user for behavior that violates our Community Guidelines.

Details: